| 000 | 00912nam a22002657a 4500 | ||
|---|---|---|---|
| 001 | 1481 | ||
| 003 | CO-MdFUSB | ||
| 005 | 20180622072714.0 | ||
| 008 | 170323t1946 xxu||||| |||| 00| 0 eng d | ||
| 040 |
_aCO-MdFUSB _bspa _cCO-MdFUSB _dCO-MdFUSBC _erda |
||
| 041 | 0 | _aeng | |
| 082 | 0 | 4 | _aG 207 B7874r |
| 100 | 1 |
_aBowman, John Wick (1894-) _eautor |
|
| 245 | 4 |
_aThe religion of maturity _c / John Wick Bowman |
|
| 264 | 4 |
_aNew York, N.Y., USA : _bAbingdon-Cokesbury, _c©1946 |
|
| 300 |
_a336 Pag. _b: _c; |
||
| 336 |
_2rdacontent _a1 _ba1 |
||
| 337 |
_2rdamedia _a2 _b5 |
||
| 338 |
_2rdacarrier _a2 _b5 |
||
| 501 | _aPasta dura | ||
| 505 | 0 | 0 | _aProfecía hebrea en los textos del Antiguo Testamento - El cumplimiento de profecía por Jesús - Jesús y el judaísmo - El liderazgo religioso en el Nuevo Testamento |
| 653 | _aJesucristo - Enseñanzas | ||
| 653 | _aCristianismo - Esencia y genio | ||
| 942 | _cBK | ||
| 999 |
_c32801 _d32801 |
||